The Stitching Book : (Record no. 60739)
[ view plain ]
| 000 -الفاتح | |
|---|---|
| حقل البيانات ثابتة الطول | 00811nam a22002657a 4500 |
| 005 - وقت وتاريخ اخر تعامل مع التسجيلة | |
| رقم الضبط | 20240530110425.0 |
| 008 - عناصر البيانات ثابتة الطول - معلومات عامة | |
| حقل البيانات ثابتة الطول | 150323s2012 ua ap f 000 0 eng d |
| 020 ## - الرقم الدولى المعيارى للكتب | |
| الرقم الدولى المعيارى للكتاب | 9781844487196 |
| 040 ## - مصدر الفهرسة | |
| وكالة الفهرسة الأصلية | EG-CaGPL |
| وكالة النسخ | EG-CaGPL |
| 082 04 - رقم تصنيف ديوى العشرى | |
| رقم الطبعة | 21 |
| رقم التصنيف | 746.44\ |
| رقم المادة | B S |
| 245 04 - بيان العنوان | |
| العنوان | The Stitching Book : |
| بقية العنوان | The All-you-need-to-know Guide to Surface Stitching / |
| بيان المسئوليه,etc | Patricia Bage, Jill Carter, Ruth Chamberlin |
| 260 ## - PUBLICATION, DISTRIBUTION, ETC. (IMPRINT) | |
| تاريخ النشر أو التوزيع | 2012 |
| 300 ## - الوصف المادى | |
| التعداد | 272 p. : |
| تفاصيل ماديه اخرى للوعاء | ill. ; |
| أبعاد الوعاء | 28 cm |
| 650 #0 - المدخل الاضافى بالموضوع-مصطلح موضوعى | |
| مصطلح موضوعي | Embroidery. |
| 650 #0 - المدخل الاضافى بالموضوع-مصطلح موضوعى | |
| مصطلح موضوعي | Stitches (Sewing) |
| 700 1# - المدخل الاضافى - اسم شخصى | |
| الإسم الشخصى | Bage, Patricia., |
| 700 1# - المدخل الاضافى - اسم شخصى | |
| الإسم الشخصى | Wilkins, Lesley. |
| 700 1# - المدخل الاضافى - اسم شخصى | |
| الإسم الشخصى | Trott, Pat., |
| 700 1# - المدخل الاضافى - اسم شخصى | |
| الإسم الشخصى | Rainbow, Jane., |
| 700 1# - المدخل الاضافى - اسم شخصى | |
| الإسم الشخصى | Hanham, Clare., |
| 700 1# - المدخل الاضافى - اسم شخصى | |
| الإسم الشخصى | Carter, Jill-, |
| 700 1# - المدخل الاضافى - اسم شخصى | |
| الإسم الشخصى | Dennis, Kay., |
| 942 ## - عناصر المدخل الإضافي( كوها) | |
| مصدر التصنيف او مخطط الترفيف | Dewey Decimal Classification |
| Koha [default] item type | كتاب |
| 260 ## - PUBLICATION, DISTRIBUTION, ETC. (IMPRINT) | |
| -- | Tunbridge Wells, Kent [England] |
| -- | Search Press, |
| حالة التراجع | حالة الفقد | مصدر التصنيف او خطة الترفيف | حالة تلف | ليس للاعارة | المكان المؤقت | الموقع الحالى | تاريخ الاكتساب | اجمالي اﻻعارات | رقم الطلب | الباركود | تاريخ اخر مشاهدة | تاريخ تفعيل السعر | نوع وعاء كوها |
|---|---|---|---|---|---|---|---|---|---|---|---|---|---|
| ddc | مكتبة القاهرة الكبرى | مكتبة القاهرة الكبرى | 03/23/2015 | 746.44\ B S | 159847 | 03/23/2015 | 03/23/2015 | كتاب |

